Высокочастотная сварка металлов

Bibliographische Detailangaben
1. Verfasser: Богданов В. Н. Василий Николаевич
Weitere Verfasser: Фогель А. А. (редактор)
Sprache:Russisch
Veröffentlicht: Москва, Машиностроение, 1965
Schriftenreihe:Библиотечка высокочастотника - термиста
Schlagworte:
Format: MixedMaterials Buch
KOHA link:https://koha.lib.tpu.ru/cgi-bin/koha/opac-detail.pl?biblionumber=135169

MARC

LEADER 00000nam0a2200000 4500
001 135169
005 20231031135955.0
035 |a (RuTPU)RU\TPU\book\146498 
090 |a 135169 
100 |a 20080408d1965 m y0rusy50 ca 
101 0 |a rus 
102 |a RU 
105 |a a z 000zy 
200 1 |a Высокочастотная сварка металлов  |f В. Н. Богданов  |g под ред. А. А. Фогеля 
210 |a Москва  |a Ленинград  |c Машиностроение  |d 1965 
215 |a 68 с.  |c ил. 
225 1 |a Библиотечка высокочастотника - термиста  |h Вып. 11 
610 1 |a металлы 
610 1 |a сварка 
610 1 |a индукционный нагрев 
675 |a 621.791.76  |v 3 
700 1 |a Богданов  |b В. Н.  |g Василий Николаевич 
702 1 |a Фогель  |b А. А.  |4 340 
801 1 |a RU  |b 63413507  |c 20080408  |g PSBO 
801 2 |a RU  |b 63413507  |c 20091224  |g PSBO 
942 |c BK